[Event "Arco op 45th"]
[Site "Arco"]
[Date "2023.10.14"]
[Round "8"]
[White "Bartonicek, Zdenek Jr"]
[Black "Dittmar, Peter"]
[Result "0-1"]
[WhiteElo "1995"]
[BlackElo "2135"]
[PlyCount "70"]
[EventDate "2023.10.07"]
[EventType "swiss"]
[EventRounds "9"]
[EventCountry "ITA"]
[SourceTitle "CBM 216 Extra"]
[Source "ChessBase"]
[SourceDate "2023.11.30"]
[SourceVersion "1"]
[SourceVersionDate "2023.11.30"]
[SourceQuality "1"]

1. e4 e6 2. d4 d5 3. e5 c5 4. c3 Nc6 5. Nf3 Nge7 6. Bd3 cxd4 7. 0-0 Nf5 8. a3 Be7 9. Re1 h6 10. b4 a6 11. Bxf5 exf5 12. Nxd4 0-0 13. Qd3 Nxd4 14. Qxd4 Be6 15. Nd2 Rc8 16. Nb3 Rc4 17. Qd3 Qc7 18. Bd2 Re4 19. Qg3 Rg4 20. Qf3 Rc4 21. Qg3 Qd7 22. Nd4 Kh7 23. h4 Qd8 24. h5 Bg5 25. Nf3 Bxd2 26. Nxd2 Rg4 27. Qe3 Qh4 28. Qb6 Qxh5 29. Nf3 Qg6 30. Qxb7 Rxg2+ 31. Kf1 Qg4 32. Re3 d4 33. cxd4 Bc4+ 34. Re2 Rd8 35. Rc1 Bd5 0-1

[Event "Arco op 45th"]
[Site "Arco"]
[Date "2023.10.10"]
[Round "4"]
[White "Bartonicek, Zdenek Jr"]
[Black "Buratti, Marco"]
[Result "0-1"]
[WhiteElo "1995"]
[BlackElo "1862"]
[PlyCount "92"]
[EventDate "2023.10.07"]
[EventType "swiss"]
[EventRounds "9"]
[EventCountry "ITA"]
[SourceTitle "CBM 216 Extra"]
[Source "ChessBase"]
[SourceDate "2023.11.30"]
[SourceVersion "1"]
[SourceVersionDate "2023.11.30"]
[SourceQuality "1"]

1. e4 d6 2. d4 Nf6 3. Nc3 Nbd7 4. Bc4 c6 5. a4 h6 6. Nge2 Nxe4 7. Bxf7+ Kxf7 8. Nxe4 Nf6 9. Nxf6 gxf6 10. Qd3 Qa5+ 11. Bd2 Qf5 12. Qb3+ Qe6 13. Qxe6+ Bxe6 14. Be3 h5 15. h4 Bd5 16. Rg1 e5 17. Kd2 f5 18. dxe5 dxe5 19. Bg5 Bc5 20. Be3 Be7 21. g3 Rhd8 22. Kc3 Bf3 23. Nc1 b6 24. Nd3 Bf6 25. Bg5 Rd5 26. Bxf6 Kxf6 27. Ne1 Be2 28. f4 Rad8 29. fxe5+ Rxe5 30. Nd3 Bxd3 31. cxd3 Rc5+ 32. Kd2 Rcd5 33. Ra3 c5 34. Kc2 Re5 35. Rg2 Re3 36. a5 Rg8 37. axb6 axb6 38. d4 cxd4 39. Rxe3 dxe3 40. Kd3 f4 41. Ke4 Rxg3 42. Rxg3 fxg3 43. Kxe3 Kf5 44. Kf3 g2 45. Kxg2 Kg4 46. Kf2 Kxh4 0-1

[Event "CZE-ch Betsys Online Blitz"]
[Site "Chess.com INT"]
[Date "2021.04.17"]
[Round "12"]
[White "Tomanec, Samuel"]
[Black "Bartonicek, Zdenek Jr"]
[Result "1-0"]
[WhiteElo "1395"]
[BlackElo "2001"]
[PlyCount "111"]
[EventDate "2021.04.17"]
[EventType "swiss (blitz)"]
[EventRounds "13"]
[EventCountry "CZE"]
[SourceTitle "CBM 201 Extra"]
[Source "ChessBase"]
[SourceDate "2021.05.31"]
[SourceVersion "1"]
[SourceVersionDate "2021.05.31"]
[SourceQuality "1"]

1. e4 c5 2. c4 g6 3. Nc3 Nc6 4. g3 Bg7 5. Bg2 d6 6. d3 Nf6 7. Nge2 0-0 8. 0-0 a6 9. h3 Bd7 10. Be3 Rb8 11. a4 Nb4 12. f4 b5 13. axb5 axb5 14. Nxb5 Bxb5 15. cxb5 Qb6 16. Nc3 Nd7 17. Qd2 Nf6 18. e5 Ne8 19. d4 Nc7 20. Qf2 Nd3 21. dxc5 dxc5 22. Qe2 Rfd8 23. Rfd1 Nb4 24. Rxd8+ Rxd8 25. Qc4 Ne6 26. Qxb4 Rd3 27. Qe4 Rd7 28. Qc6 Qd8 29. Ra8 Nf8 30. Rxd8 Rxd8 31. Bd5 e6 32. Bc4 h5 33. Bxc5 Nh7 34. Qb6 Rd2 35. Qb8+ Nf8 36. Bxf8 Bxf8 37. Ne4 Kg7 38. Nd6 Be7 39. Qc7 Kf8 40. b6 Rxb2 41. b7 Bxd6 42. Qxd6+ Kg7 43. b8Q Rxb8 44. Qxb8 h4 45. Qe8 Kh6 46. Bxe6 fxe6 47. Qxe6 hxg3 48. Kg2 Kh5 49. Kxg3 g5 50. Qg4+ Kh6 51. Qxg5+ Kh7 52. Kg4 Kh8 53. Kf5 Kh7 54. Kf6 Kh8 55. Kf7 Kh7 56. Qg7# 1-0

[Event "Klatovy op-A 24th"]
[Site "Klatovy"]
[Date "2018.07.08"]
[Round "9"]
[White "Hajek, Jiri2"]
[Black "Bartonicek, Zdenek Jr"]
[Result "1-0"]
[WhiteElo "2081"]
[BlackElo "1987"]
[PlyCount "107"]
[EventDate "2018.06.30"]
[EventType "swiss"]
[EventRounds "9"]
[EventCountry "CZE"]
[SourceTitle "EXT 2019"]
[Source "ChessBase"]
[SourceDate "2018.10.10"]
[SourceVersion "1"]
[SourceVersionDate "2018.10.10"]
[SourceQuality "1"]

1. e4 e5 2. Nf3 Nc6 3. Nc3 Nf6 4. Bb5 Bb4 5. 0-0 0-0 6. d3 Nd4 7. Bc4 d5 8. Nxd5 Nxd5 9. Bxd5 c6 10. Bb3 Nxb3 11. axb3 Bg4 12. h3 Bxf3 13. Qxf3 Qe7 14. Be3 Bc5 15. Qg3 a6 16. Kh1 f5 17. exf5 Rxf5 18. Qg4 Rf7 19. Qc4 Bd6 20. Rae1 Raf8 21. Re2 Kh8 22. Rfe1 Qc7 23. f3 Qd7 24. Qg4 Qc7 25. Bd2 Rf6 26. Re4 Rf5 27. Bc3 h6 28. Qg3 Rf4 29. Bxe5 Rxe4 30. Rxe4 Bxe5 31. Qxe5 Qb6 32. Rg4 Rg8 33. d4 Qb4 34. d5 Qc5 35. c4 cxd5 36. cxd5 Qb5 37. b4 Qd7 38. Qe6 Rd8 39. Qxd7 Rxd7 40. Rd4 Kg8 41. Kh2 Kf8 42. Kg3 Ke7 43. Kf4 Kd6 44. Kf5 b6 45. f4 Rb7 46. g4 a5 47. b5 Re7 48. Kg6 Rd7 49. h4 Kc5 50. Rd2 Kxb5 51. f5 Kc5 52. g5 hxg5 53. hxg5 b5 54. f6 1-0

[Event "Klatovy op-A 24th"]
[Site "Klatovy"]
[Date "2018.07.01"]
[Round "2"]
[White "Svanda, Adam"]
[Black "Bartonicek, Zdenek Jr"]
[Result "1-0"]
[WhiteElo "1814"]
[BlackElo "1987"]
[PlyCount "149"]
[EventDate "2018.06.30"]
[EventType "swiss"]
[EventRounds "9"]
[EventCountry "CZE"]
[SourceTitle "CBM 185 Extra"]
[Source "ChessBase"]
[SourceDate "2018.07.29"]
[SourceVersion "1"]
[SourceVersionDate "2018.07.29"]
[SourceQuality "1"]

1. c4 Nf6 2. Nc3 g6 3. g3 Bg7 4. Bg2 0-0 5. Nf3 c5 6. d4 cxd4 7. Nxd4 Nc6 8. 0-0 Qb6 9. e3 Qc5 10. Nxc6 dxc6 11. Qd4 Qh5 12. h4 Be6 13. Na4 Nd7 14. Qd1 Qxd1 15. Rxd1 Nb6 16. Nc5 Rfd8 17. Re1 Bc8 18. Rb1 Nxc4 19. b3 Nd6 20. a4 Rb8 21. a5 Bc3 22. Rd1 Bxa5 23. b4 Bb6 24. e4 Bg4 25. f3 Be6 26. Kh2 Bxc5 27. bxc5 Nb5 28. Bf4 Rbc8 29. Bf1 a6 30. Kg2 Kf8 31. Kf2 Ke8 32. Bg2 Rxd1 33. Rxd1 Rd8 34. Rb1 Rd3 35. Rc1 Rc3 36. g4 Rxc1 37. Bxc1 Bc4 38. Bb2 a5 39. g5 a4 40. Bh3 e6 41. Ke3 a3 42. Ba1 a2 43. Kd2 Kd7 44. Kc1 Kc8 45. Be5 b6 46. cxb6 Kb7 47. Kb2 Kxb6 48. Bg4 Kc5 49. f4 Bd3 50. Kxa2 Bxe4 51. Kb3 Kd5 52. h5 c5 53. hxg6 hxg6 54. Bd1 c4+ 55. Kb4 Nd4 56. Kc3 Nc6 57. Bf6 e5 58. fxe5 Nxe5 59. Be2 Bf5 60. Bf1 Be6 61. Bg2+ Kd6 62. Bf1 Ng4 63. Bg7 Nf2 64. Kd4 c3 65. Be5+ Kc6 66. Bg2+ Kb5 67. Kxc3 Kc5 68. Bd4+ Kd6 69. Bxf2 Ke5 70. Bd4+ Kf4 71. Bf6 Ke3 72. Bc6 Kf4 73. Kd4 Bb3 74. Bd5 Bc2 75. Bxf7 1-0

[Event "Klatovy op-A 23rd"]
[Site "Klatovy"]
[Date "2017.07.08"]
[Round "8"]
[White "Bartonicek, Zdenek Jr"]
[Black "Kohout, Josef"]
[Result "1/2-1/2"]
[WhiteElo "2039"]
[BlackElo "1896"]
[PlyCount "107"]
[EventDate "2017.07.01"]
[EventType "swiss"]
[EventRounds "9"]
[EventCountry "CZE"]
[SourceTitle "EXT 2018"]
[Source "ChessBase"]
[SourceDate "2017.10.13"]
[SourceVersion "1"]
[SourceVersionDate "2017.10.13"]
[SourceQuality "1"]

1. d4 e6 2. c4 f5 3. g3 Nf6 4. Bg2 Be7 5. Nf3 0-0 6. 0-0 a5 7. Nc3 Ne4 8. Qc2 Nxc3 9. bxc3 d5 10. cxd5 exd5 11. c4 c6 12. cxd5 cxd5 13. Ne5 Na6 14. Bd2 Be6 15. Qb3 Bb4 16. Bxb4 Nxb4 17. e3 Qd6 18. a3 Nc6 19. Nd3 Rfb8 20. Nf4 Ne7 21. h4 Bf7 22. Rfc1 b6 23. Rc3 Rc8 24. Rac1 Rxc3 25. Rxc3 h6 26. h5 Rd8 27. Qc2 Kf8 28. Bf3 Qd7 29. Rc7 Qb5 30. a4 Qe8 31. Qb3 Rd6 32. Qc2 Rd8 33. Be2 Rc8 34. Bb5 Qd8 35. Rxc8 Qxc8 36. Qxc8+ Nxc8 37. Kf1 Ke7 38. Ke2 Kd6 39. Kd3 Na7 40. Ba6 Be8 41. Bb7 Bxa4 42. Bxd5 Bb5+ 43. Kc3 Bc6 44. Ba2 Nb5+ 45. Kb2 Nc7 46. Kc3 Nd5+ 47. Bxd5 Bxd5 48. Nxd5 Kxd5 49. f3 b5 50. Kd3 b4 51. e4+ fxe4+ 52. fxe4+ Kd6 53. Kc4 Kd7 54. Kb3 1/2-1/2

[Event "Klatovy op-A 23rd"]
[Site "Klatovy"]
[Date "2017.07.06"]
[Round "6"]
[White "Kejzlar, Lubos"]
[Black "Bartonicek, Zdenek Jr"]
[Result "1/2-1/2"]
[WhiteElo "1940"]
[BlackElo "2039"]
[PlyCount "31"]
[EventDate "2017.07.01"]
[EventType "swiss"]
[EventRounds "9"]
[EventCountry "CZE"]
[SourceTitle "EXT 2018"]
[Source "ChessBase"]
[SourceDate "2017.10.13"]
[SourceVersion "1"]
[SourceVersionDate "2017.10.13"]
[SourceQuality "1"]

1. b3 d5 2. e3 Nf6 3. Bb2 g6 4. Nf3 Bg7 5. Be2 0-0 6. 0-0 c5 7. d4 b6 8. dxc5 bxc5 9. c4 Bb7 10. cxd5 Qxd5 11. Qxd5 Nxd5 12. Bxg7 Kxg7 13. Nbd2 Nd7 14. Rac1 Rac8 15. Nc4 N7b6 16. Nxb6 1/2-1/2

[Event "Regionalliga NW 1516"]
[Site "Bayern"]
[Date "2016.03.13"]
[Round "8.4"]
[White "Susallek, Markus"]
[Black "Bartonicek, Zdenek Jr"]
[Result "1-0"]
[WhiteElo "1921"]
[BlackElo "1845"]
[PlyCount "67"]
[EventDate "2015.10.11"]
[EventType "team-tourn"]
[EventRounds "9"]
[EventCountry "GER"]
[SourceTitle "EXT 2018"]
[Source "ChessBase"]
[SourceDate "2017.10.13"]
[SourceVersion "1"]
[SourceVersionDate "2017.10.13"]
[SourceQuality "1"]
[WhiteTeam "Moembris"]
[BlackTeam "Kirchenlaibach"]
[WhiteTeamCountry "GER"]
[BlackTeamCountry "GER"]

1. Nc3 d5 2. e4 d4 3. Nce2 e5 4. Ng3 Nf6 5. Nf3 Bd6 6. Bc4 0-0 7. 0-0 Nc6 8. c3 Na5 9. Be2 c5 10. b4 Nc6 11. bxc5 Bxc5 12. cxd4 Nxd4 13. Bb2 Nxf3+ 14. Bxf3 Bd4 15. Rb1 b6 16. Bxd4 Qxd4 17. Ne2 Qd3 18. Rb3 Qa6 19. d4 Bb7 20. Qb1 Nd7 21. Qb2 exd4 22. Nxd4 b5 23. Rxb5 Rab8 24. Rb1 Nb6 25. Nf5 f6 26. Qb3+ Kh8 27. Nd6 Bc6 28. Rc5 Nd7 29. Nf7+ Rxf7 30. Qxb8+ Rf8 31. Qd6 Qxa2 32. Rbc1 Ba4 33. Bg4 Qf7 34. Rc8 1-0

[Event "Regionalliga NW 1011"]
[Site "Bayern"]
[Date "2011.02.27"]
[Round "7.8"]
[White "Wuest, Michael"]
[Black "Bartonicek, Zdenek Jr"]
[Result "1/2-1/2"]
[WhiteElo "1927"]
[BlackElo "1984"]
[PlyCount "21"]
[EventDate "2010.10.10"]
[EventType "team-tourn"]
[EventRounds "9"]
[EventCountry "GER"]
[SourceTitle "EXT 2012"]
[Source "ChessBase"]
[SourceDate "2011.11.24"]
[SourceVersion "1"]
[SourceVersionDate "2011.11.24"]
[SourceQuality "1"]
[WhiteTeam "Hof PTSV"]
[BlackTeam "Kirchenlaibach"]
[WhiteTeamCountry "GER"]
[BlackTeamCountry "GER"]

1. d4 Nf6 2. c4 g6 3. Nc3 d5 4. cxd5 Nxd5 5. e4 Nxc3 6. bxc3 Bg7 7. Be3 c5 8. Nf3 0-0 9. Be2 Qa5 10. Qd2 Bg4 11. e5 1/2-1/2

[Event "Regionalliga NW 1011"]
[Site "Bayern"]
[Date "2011.02.06"]
[Round "6.8"]
[White "Bartonicek, Zdenek Jr"]
[Black "Moenius, Alexander"]
[Result "1-0"]
[WhiteElo "1984"]
[BlackElo "1522"]
[PlyCount "39"]
[EventDate "2010.10.10"]
[EventType "team-tourn"]
[EventRounds "9"]
[EventCountry "GER"]
[SourceTitle "EXT 2012"]
[Source "ChessBase"]
[SourceDate "2011.11.24"]
[SourceVersion "1"]
[SourceVersionDate "2011.11.24"]
[SourceQuality "1"]
[WhiteTeam "Kirchenlaibach"]
[BlackTeam "Hoechstadt/Aisch"]
[WhiteTeamCountry "GER"]
[BlackTeamCountry "GER"]

1. d4 d5 2. c4 e6 3. Nc3 Nf6 4. Nf3 Nc6 5. Bg5 Be7 6. e3 0-0 7. Be2 Ne4 8. Bxe7 Nxc3 9. Bxd8 Nxd1 10. Bxc7 Nxb2 11. c5 Na4 12. Rc1 Bd7 13. Bb5 Nb4 14. Bxd7 Nd3+ 15. Kd2 Nxc1 16. Rxc1 Nb2 17. Ne5 Nc4+ 18. Nxc4 dxc4 19. Kc3 a6 20. Rb1 1-0

[Event "Regionalliga NW 1011"]
[Site "Bayern"]
[Date "2010.11.14"]
[Round "3.8"]
[White "Bartonicek, Zdenek Jr"]
[Black "Deml, Tilo"]
[Result "1-0"]
[WhiteElo "1984"]
[BlackElo "1983"]
[PlyCount "85"]
[EventDate "2010.10.10"]
[EventType "team-tourn"]
[EventRounds "9"]
[EventCountry "GER"]
[SourceTitle "EXT 2012"]
[Source "ChessBase"]
[SourceDate "2011.11.24"]
[SourceVersion "1"]
[SourceVersionDate "2011.11.24"]
[SourceQuality "1"]
[WhiteTeam "Kirchenlaibach"]
[BlackTeam "Marktleuthen"]
[WhiteTeamCountry "GER"]
[BlackTeamCountry "GER"]

1. d4 Nf6 2. c4 g6 3. Nc3 Bg7 4. g3 0-0 5. Bg2 d6 6. Nf3 c5 7. 0-0 Nc6 8. d5 Na5 9. Qd3 a6 10. e4 b5 11. Nd2 Nxc4 12. Nxc4 bxc4 13. Qxc4 a5 14. Re1 Ba6 15. Qa4 Qb6 16. Bh3 Qb4 17. Qc2 Rfb8 18. Rb1 Ra7 19. Bd2 Nd7 20. Bf1 Bxf1 21. Rxf1 Ne5 22. Kg2 Rab7 23. b3 Qb6 24. Na4 Qa6 25. Bc3 c4 26. Bxe5 Bxe5 27. bxc4 Rxb1 28. Rxb1 Rxb1 29. Qxb1 Qxc4 30. Nb6 Qc7 31. Qb5 Bd4 32. Qe8+ Kg7 33. Nd7 g5 34. Qxe7 h6 35. Qf8+ Kg6 36. Qg8+ Bg7 37. Qe8 Bd4 38. Qe7 Kg7 39. Qf8+ Kg6 40. Qg8+ Bg7 41. Nf8+ Kf6 42. Ne6 fxe6 43. Qxe6# 1-0

[Event "CZE-chT2a 0607"]
[Site "Czech Republic"]
[Date "2007.01.14"]
[Round "6.8"]
[White "Havrlik, Pavel"]
[Black "Bartonicek, Zdenek Jr"]
[Result "1/2-1/2"]
[WhiteElo "1982"]
[BlackElo "1840"]
[PlyCount "80"]
[EventDate "2006.10.15"]
[EventType "team-tourn"]
[EventRounds "11"]
[EventCountry "CZE"]
[SourceTitle "EXT 2009"]
[Source "ChessBase"]
[SourceDate "2008.11.26"]
[SourceVersion "1"]
[SourceVersionDate "2008.11.26"]
[SourceQuality "1"]
[WhiteTeam "Praha Praga II"]
[BlackTeam "Plzen IC"]
[WhiteTeamCountry "CZE"]
[BlackTeamCountry "CZE"]

1. c4 d5 2. d4 g6 3. cxd5 Nf6 4. Nf3 Bg7 5. e3 0-0 6. Be2 Nxd5 7. 0-0 Nc6 8. Bd2 e6 9. Nc3 b6 10. Rc1 Bb7 11. Nxd5 Qxd5 12. Bc4 Qd6 13. a3 Rfd8 14. Qb3 Rac8 15. Rfd1 a5 16. Ne1 h5 17. h3 Qe7 18. Be2 Nb8 19. Bf3 Bxf3 20. Nxf3 Nd7 21. e4 c5 22. dxc5 Nxc5 23. Qxb6 Na4 24. Qxa5 Nxb2 25. Rxc8 Rxc8 26. Bb4 Qe8 27. Rf1 Qc6 28. e5 Nc4 29. Qa7 Ra8 30. Qd4 Nxa3 31. Bxa3 Rxa3 32. Qd8+ Bf8 33. Rd1 Ra8 34. Qd7 Qxd7 35. Rxd7 Ra1+ 36. Kh2 Bc5 37. Rd2 Rf1 38. Kg3 Kg7 39. Rc2 Bb6 40. Rb2 Bc5 1/2-1/2

[Event "CZE-chT2a 0607"]
[Site "Czech Republic"]
[Date "2006.11.19"]
[Round "3.8"]
[White "Kovar, Petr1"]
[Black "Bartonicek, Zdenek Jr"]
[Result "0-1"]
[WhiteElo "2009"]
[BlackElo "1840"]
[PlyCount "72"]
[EventDate "2006.10.15"]
[EventType "team-tourn"]
[EventRounds "11"]
[EventCountry "CZE"]
[SourceTitle "EXT 2009"]
[Source "ChessBase"]
[SourceDate "2008.11.26"]
[SourceVersion "1"]
[SourceVersionDate "2008.11.26"]
[SourceQuality "1"]
[WhiteTeam "Kobylisy"]
[BlackTeam "Plzen IC"]
[WhiteTeamCountry "CZE"]
[BlackTeamCountry "CZE"]

1. c4 c5 2. Nf3 g6 3. d4 cxd4 4. Nxd4 Bg7 5. g3 Nf6 6. Bg2 Nc6 7. Nc3 0-0 8. 0-0 Nxd4 9. Qxd4 d6 10. Rd1 Ng4 11. Qd2 Qb6 12. e3 Re8 13. b3 Qa5 14. Bb2 Qh5 15. h4 Ne5 16. Qd5 Be6 17. Qxb7 Rab8 18. Qxa7 Nxc4 19. Rac1 Nxb2 20. Rd2 Rbc8 21. Ne2 Rxc1+ 22. Nxc1 Bg4 23. Rd5 Be5 24. a4 Bf3 25. Rd2 Qg4 26. Na2 Qe4 27. Bxf3 Qxf3 28. a5 Ra8 29. Qb6 Qe4 30. Nb4 Bc3 31. Rd4 Bxd4 32. exd4 Nd3 33. Nc6 Qe1+ 34. Kh2 Qxf2+ 35. Kh3 Qf1+ 36. Kh2 Nf2 0-1

[Event "Plzen op-C 9th"]
[Site "Plzen"]
[Date "2003.??.??"]
[Round "7"]
[White "Bartonicek, Zdenek Jr"]
[Black "Vojir, Vaclav"]
[Result "1-0"]
[WhiteElo "1750"]
[BlackElo "1823"]
[PlyCount "107"]
[EventDate "2003.08.??"]
[EventType "swiss"]
[EventRounds "9"]
[EventCountry "CZE"]
[SourceTitle "EXT 2005"]
[Source "ChessBase"]
[SourceDate "2004.11.15"]
[SourceVersion "1"]
[SourceVersionDate "2004.11.15"]
[SourceQuality "1"]

1. d4 c6 2. c4 d5 3. Nc3 Nf6 4. Bf4 e6 5. h3 Nbd7 6. e3 Qb6 7. Qc2 g6 8. Nf3 Ne4 9. c5 Qa5 10. Bd3 Ndf6 11. 0-0 Nxc3 12. bxc3 Bg7 13. Rfb1 0-0 14. Bd6 Re8 15. Rb4 b5 16. cxb6 axb6 17. Ne5 Ba6 18. Nxc6 Bxd3 19. Qxd3 Qa6 20. Qxa6 Rxa6 21. Rb5 Nd7 22. Kf1 Bf8 23. Bxf8 Kxf8 24. Rb3 Rc8 25. Nb4 Ra4 26. Ke2 Ke7 27. Kd3 Kd6 28. a3 f5 29. Rab1 Rca8 30. Nc2 Rc8 31. Rb4 Ra7 32. R4b3 Ra4 33. Ra1 Rc7 34. Rb4 Ra8 35. a4 Rac8 36. Rb3 Ra8 37. Na3 Ke7 38. Nb5 Rc4 39. Rb4 Rc6 40. c4 Ra5 41. cxd5 exd5 42. Nc3 Ke6 43. Rb5 Rd6 44. Rab1 h5 45. Rxa5 bxa5 46. Rb5 Nb6 47. Rxa5 Rc6 48. Rc5 Rd6 49. a5 Nd7 50. Rb5 g5 51. Na4 Kf6 52. Nc5 h4 53. Rb7 Ke7 54. a6 1-0